000 00348 a2200157 4500
001 152609
040 _cEscola São Tomás de Aquino
100 _aEDMOND, Rostand
240 1 0 _aCyrano de Bergerac
_lpor
245 1 0 _aCyrano de Bergerac
300 _a88
362 0 _a2002
440 1 _aScipione
697 _a*LITERATURA JUVENIL
942 _cBK
999 _c152609
_d152609